O Prequestionamento nos Recursos Extraordinr̀io e Especial A dificuldade de acesso aos Tribunais Excepcionais (STF e STJ) /

Bibliographic Details
Main Author: Forghieri Guimarês, Luiz Carlos
Format: eBook
Language:Portuguese
Published: San Pablo: Letras Jurídicas Editora, 2010
Subjects:
Online Access:Acceso restringido

MARC

LEADER 00000nam a22000007a 4500
005 20210105225434.0
007 cr|||| ||||
008 210105s2010 br |||||s|||| 00||0 por d
020 |a 978-85-89917-63-6 
035 |a 32502 
040 |a vLex 
090 |c 11059  |d 11059 
100 1 |a Forghieri Guimarês, Luiz Carlos 
245 1 1 |a O Prequestionamento nos Recursos Extraordinr̀io e Especial  |h [Recurso electrn̤ico] :  |b A dificuldade de acesso aos Tribunais Excepcionais (STF e STJ) /  |c Luiz Carlos Forghieri Guimarês 
256 |a Servicio en ln̕ea 
260 |a San Pablo:  |b Letras Jurídicas Editora,  |c 2010 
300 |a 1 recurso electrn̤ico 
500 |a Este livro aborda queste̳s fundamentais do prequestionamento, tema tortuoso para o operador do Direito, vistas sob a t̤ica das jurisprudn̊cias do Supremo Tribunal Federal, do Superior Tribunal de Justiȧ, dos Tribunais Estaduais e dos Tribunais Regionais Federais. 
506 1 |a Disponible solo en los productos indicados  |d vLex Global  |d vLex Global (Academic Edition, excluding Law Schools)  |d vLex Global (U.S. Academic Edition, Law Schools)  |d vLex Global (U.S. Academic Edition, excluding Law Schools)  |d vLex Global (Academic Edition, Law Schools) 
650 0 4 |a Procedimiento Civil  |z Brasil 
740 0 |a vLex Libros (Servicio en ln̕ea) 
856 4 0 |u http://vlex.com/source/prequestionamento-nos-recursos-extraordinario-e-especial-a-dificuldade-de-acesso-aos-tribunais-excepcionais-stf-e-stj--32502  |z Acceso restringido 
942 |c BOOK 
999 0 |a Civil Procedure